Normal view MARC view

Entry Personal Name

Number of records used in: 2

001 - CONTROL NUMBER

  • control field: 34906

003 - CONTROL NUMBER IDENTIFIER

  • control field: dpl

005 - DATE AND TIME OF LATEST TRANSACTION

  • control field: 20110927111349.0

008 - FIXED-LENGTH DATA ELEMENTS

  • fixed length control field: 110927|||a|||||| | ||| d

040 ## - CATALOGING SOURCE

  • Original cataloging agency: dpl
  • Transcribing agency: dpl

100 ## - HEADING--PERSONAL NAME

  • Personal name: Khalid Hameed Shaida

670 ## - SOURCE DATA FOUND

  • Source citation: Work cat.: (dpl): Faiz:, 200?

670 ## - SOURCE DATA FOUND

  • Source citation: Work cat.: (dpl): Faiz:, 200?

© Delhi Public Library
Hit Counter
free hit counter